Statistics for Most Viewed Song by Language

Click here to take the quiz!

General Stats

  • This quiz has been taken 27 times
  • The average score is 3 of 10

Answer Stats

LanguageViewsSong% Correct
Spanish4.6 billionDespacito
100%
Korean3.0 billionGangnam Style
64%
English3.3 billionSee You Again
48%
Tamil138 millionWhy This Kolaveri Di?
12%
Portuguese787 millionAi Se Eu Te Pego
12%
Hindi345 millionNashe Si Chadh Gayi
8%
Italian200 millionIl Pulcino Pio
8%
French495 millionPapaoutai
0%
German124 millionDie Immer Lacht
0%
Turkish354 millionCevapsiz Cinlama
0%

Score Distribution

Percentile by Number Answered

Percent of People with Each Score

Your Score History

You have not taken this quiz